Cidades de Portugal A-Z - Statistics

Estatísticas Gerais
  • Esse quiz foi jogado 285 vezes
    234 desde o último reset
  • A pontuação média é 11 de 17
Estatísticas das Respostas
Letra Pista Cidade % Correto
C Tem uma universidade desde 1 Marco 1290 Coimbra
97%
B Obrigatorio visitar a Se de ... Braga
90%
F A mais populosa da Madeira Funchal
90%
P A 'Invicta' Porto
90%
E Templo Romano de Diana esta localizado la Évora
89%
L Tem um pinhal mandado plantar por D. Dinis Leiria
88%
A Terra de canais(2) e Moliceiros Aveiro
86%
G Sinonimo de policia Guarda
85%
H Onde se planta hortalicas Horta
84%
I A praia da Barra e porto de aveiro pertencem a este concelho Ílhavo
67%
T Convento de Cristo e o Castelo monumentos a visitar Tomar
66%
R Rio branco / rose / ... Rio Tinto
49%
S Terra de Salazar Santa Comba Dão
32%
M A serra do Bucaco. fica no seu concelho Mealhada
26%
Q O touristas gostam de passar por la Quarteira
26%
V Cidade do Minho Valença
21%
O Arvore com que se faz azeite + sub-parte da cidade Oliveira Bairro
9%
Nenhum quiz correspondente encontrado
Distribuição das Pontuações
Porcentagem de Pessoas com Cada Pontuação
Percentil de Números Respondidos
Sua Pontuação Histórica
Você não jogou esse quiz desde o último reset